000 00536nam a22001577a 4500
005 20180629124446.0
020 _a8175052139
_c120.00
035 _aB-23876, B-023881
037 _aDPL
_bENG
100 _aRanganathananda, Swami
245 _aUniversal message of the Bhagavad Gita :
_bAn exposition of the Gita in the light of modern thought and modern needs /
_cby Ranganathananda Swami
250 _aVol.I
260 _aCalcutta
_bAdvaita Ashrama
_c2000
300 _a519p.
_c20 cms.
942 _2ddc
_cEN
_h181.45
_mGIT
999 _c64088
_d64088